Contaminación fluvial. Temas sudamericanos /
Guardado en:
| Otros Autores: | , , , , , , , , |
|---|---|
| Formato: | Libro |
| Idioma: | Undetermined |
| Publicado: |
Buenos Aires :
La Ley. Facultad de Derecho y Ciencias Sociales. Universidad de Buenos Aires,
2012.
|
| Edición: | 1a. ed. |
| Series: | Colección CEIDIE. Centro de Estudios Interdisciplinarios de Derecho Industrial y Económico
|
| Materias: | |
| Etiquetas: |
Agregar Etiqueta
Sin Etiquetas, Sea el primero en etiquetar este registro!
|
| LEADER | 00984nam a22002655a 4500 | ||
|---|---|---|---|
| 001 | DER.der015657 | ||
| 008 | 260128s2012####ag############000#0#und#d | ||
| 005 | 20260128122003.0 | ||
| 245 | 1 | 0 | |a Contaminación fluvial. Temas sudamericanos / |c coordinado por Lilian del Castillo. |
| 250 | |a 1a. ed. | ||
| 260 | |a Buenos Aires : |b La Ley. Facultad de Derecho y Ciencias Sociales. Universidad de Buenos Aires, |c 2012. | ||
| 300 | |a 231 p. | ||
| 490 | 1 | |a Colección CEIDIE. Centro de Estudios Interdisciplinarios de Derecho Industrial y Económico | |
| 020 | |a 9789870321477 | ||
| 700 | 1 | |a del Castillo, Lilian., |e coord. | |
| 700 | 1 | |a Capaldo, Griselda. | |
| 700 | 1 | |a González Lapeyre, Edison. | |
| 700 | 1 | |a Mantecón, Celia. | |
| 700 | 1 | |a González Napolitano, Silvina. | |
| 700 | 1 | |a Rovere, Marta Brunilda. | |
| 700 | 1 | |a Sainz Borgo, Juan Carlos. | |
| 700 | 1 | |a Valls, Claudia. | |
| 700 | 1 | |a Vega, Alejandro. | |
| 650 | 7 | |a DERECHO AMBIENTAL | |
| 859 | |a DERECHO |b BIB. DERECHO |h 346.046 |i CON |p 0010785 | ||
